000 00580nam a22001577a 4500
005 20120208152816.0
020 _a8183331251
_c180.00
035 _aB-220275
037 _aDPL
_bENG
100 _aRubin, Joseph
_941249
245 _aF1 Get the most out of Excel :
_bThe ultimate excel tip help guide /
_cby Joseph Rubin
260 _aNew Delhi
_bBPB Publications
_c2006
300 _axxix, 818p.
_c18 cms.
942 _2ddc
_cEN
_h005.3
_mRUB
999 _c62318
_d62318